Etats des Usa et leur capitales commençant par M - Statistiques

Statistiques générales
  • Ce quiz a été pris 28 fois
  • Le résultat moyen est 7 sur 16
Statistiques - réponses
Hint Réponse % Correct
État 4 Michigan
83%
État 2 Maryland
74%
État 5 Minnesota
74%
État 1 Maine
70%
État 6 Mississippi
65%
État 7 Missouri
65%
État 8 Montana
61%
Capitale état 5 Minneapolis
43%
État 3 Massachusets
39%
Capitale état 3 Boston
26%
Capitale état 6 Jackson
17%
Capitale état 4 Lansing
13%
Capitale état 2 Annapolis
9%
Capitale état 8 Helena
9%
Capitale état 7 Jefferson city
9%
Capitale état 1 Augusta
4%
Aucun quiz correspondant
Distribution des résultats
% des personnes avec chaque résultat
Percentile par nombre de réponses
Votre historique - résultats
Vous n’avez pas pris ce quiz